Quizzes
Events
Quiz Creation
Community
Videos
Private Events
Remove Ads
Sign In
Join for FREE
Feedback
Dark Mode
Quiz Categories
Sports
Geography
Music
Movies
Television
Just For Fun
Miscellaneous
History
Literature
Language
Science
Gaming
Entertainment
Religion
Holiday
For Kids
Quiz Lab
Recent
Popular Today
Quiz Kudos Today
Editor Picks
Curator Picks
Quizzes by...
Day
Popularity
Type
Ratings
Length
Year
Community
Subscriptions
Recent Discussions
Orange Saloon
Badges
Playlists
Quests
Create
Leaderboards
Showdown
Live 5
Trivia Bingo
Activity
Puzzle Library
Sporcle Events
Private Events
Virtual Trivia
Globe League
Become a Host
Pub Owners
SporcleCon
Opinionation
Our Games
Videos
Blog
Mobile Apps
Partnerships
Remove Ads and Go Orange
Feedback
Music
Pop Music
The Beatles
Song
Album
Lyrics
Bands
Singers
Artist
Clip
Rock
Rap
Classical
Billboard
Country Music
Kpop
Taylor Swift
Music
Pop Music
The Beatles
Song
Album
Lyrics
Bands
Singers
Artist
Clip
Rock
Rap
Classical
Billboard
Country Music
Kpop
Taylor Swift
Random Quiz
Search Sporcle
×
Curator Pick
Curator Pick
Music
Classical
Type in answers that appear in a list
Type in answers that appear in a list
Classic
Best Score? Go Orange.
Verdi Operas Stats
Can you name the Verdi Operas?
By
anselm
12m
28 Questions
1,728 Plays
1,728 Plays
1,728 Plays
Comments
Comments
Give Quiz Kudos
Give Quiz Kudos
-
- Ratings
hide this ad
Replay
Link that replays current quiz
Next Quiz
Link to next quiz in quiz playlist
You Got
0%
They Got
Avg Score
54%
Avg Friend Score
Upgrade to see
Score Distribution
Jump to the score distribution portion of the page
Score
0/28
Timer
12:00
0
Plays Today
Date of First Performance
Opera Title
% Correct
1871
Aida
92.8%
1853
La Traviata
91.7%
1887
Otello
89%
1850
Rigoletto
86.4%
1847
Macbeth
82.6%
1853
Il Trovatore
82.4%
1867
Don Carlos
80.4%
1893
Falstaff
79.3%
1842
Nabucco
72.4%
1849
Luisa Miller
66.9%
1859
Un Ballo in Maschera
63.4%
1862
La Forza Del Destino
60.9%
1857
Simon Boccanegra
54.4%
1844
Ernani
49.6%
Date of First Performance
Opera Title
% Correct
1855
I Vespri Siciliani
43.2%
1846
Attila
42.8%
1850
Stiffelio
37.3%
1839
Oberto Conte di San Bonifacio
35.6%
1844
I Due Foscari
34.8%
1843
I Lombardi Alla Prima Crociata
33.4%
1845
Giovanna d'Arco
31.9%
1847
Jerusalem
31.7%
1840
Un Giorno di Regno
31.6%
1847
I Masnadieri
30%
1848
Il Corsaro
29.5%
1857
Aroldo
28%
1845
Alzira
25.7%
1849
La Battaglia di Legnano
24.4%
Quiz Playlist
Details
Report
Send in Message
Add To Playlist
Classic:
Type in answers that appear in a list
Last Updated: Apr 13, 2017
Curator Pick in
Classical
Quiz Scoreboard
CHALLENGE
Sign Up to Join the Scoreboard
Show All
Scores
Hide
Comments
May contain spoilers
Recently Published
An Introduction to Baseball
by treessimontrees
Sports
5m
Movies - When Are They Set?
by FPL_Elf
Movies
5m
Popular People in 1961
by mucciniale
History
6m
More to Explore
Quiz From the Vault
Featured Blog Post
Where Did the Easter Bunny Come From?
hide this ad
You Might Also Like...
Tags
Classical Quiz
Character
date
Opera
Performance
Verdi
Verdi Operas
Today's Top Quizzes in Music
Browse Music
hide this ad
Today's Top Quizzes in Classical
Browse Classical
Top Contributed Quizzes in Music
1
Taylor Swift All Songs (2024)
2
2010s Album by Cover III
3
Guess the Artist- 70s Songs
4
One Thing in Common: Music
5
Taylor Swift Logic Puzzle
6
Guess the Taylor Swift song (Mystery Song)
7
2010s Album by Cover IV
8
2010s Album by Cover V
9
KPOP LOGIC QUIZ
10
Kpop Logic Quiz
Explore More
Trending Topics
NBA
Marvel
Kpop
Anime
Disney
Harry Potter
Crossword
Song
Puzzle
Pokémon
NFL
Country
WWE
Soccer
The Office
hide this ad
More By:
anselm
Quiz
Plays
Rating
Category
Featured
Created
Verdi Operas
1,728
4.85
Music
Sep 30, 2009
Go to Creator's Profile
Score Distribution
Quiz Creator Spotlight
anselm
Follow
Send a Message
Quizzes Created
-
Created Quiz Play Count
-
More By This Creator
Popular Quizzes Today
1
Find the Countries of Europe - No Outlines Minefield
2
Find the US States - No Outlines Minefield
3
The Countries of the World
4
Popular People in 1961
5
US States
6
1-10 Letter E Words III
7
Find the US States
8
One Thing in Common: World Cities II
More Music Quizzes
Greatest Hits Albums XXII (Picture Click)
Quiz Lab
Trending Quizzes
Risky Map Clicking: Least Populous States A-Z
1-10 Letter F Words
1-10 Letter G Words
One Thing in Common: United Kingdom
Risky Map Clicking: Next State Alphabetically
Recently Updated
Leaping Animals
pecheneg
Reality TV Shows (A-Z)
bhenderson79
Rickey Henderson's Hall of Fame Teammates
pecheneg
Champions League XIs: Arsenal
pecheneg
Quick Pick: Celebrities in WWE's Hall of Fame
aduchscher
A-Z Keypad Blitz II
pecheneg
Multiple Oscar Actors
pecheneg
Mystery Phrase Blitz: Oscar 'Best Actors'
pecheneg
F. Scott Fitzgerald Novels
LTH
Pick 3 Villains
ddd62291
Trending Topics
Kpop
Crossword
Marvel
Anime
NBA
Disney
Harry Potter
The Office
Country
Pokémon
Song
WWE
Soccer
NFL
Puzzle
Your Account Isn't Verified!
In order to create a playlist on Sporcle, you need to verify the email address you used during registration. Go to your
Sporcle Settings
to finish the process.
Report this User
Report this user for behavior that violates our
Community Guidelines
.
Details:
Send Report
Go to the Sporcle.com Mobile Site →
Comments